000 01263nam a22003257a 4500
001 1497
003 DO-SdBNP
005 20171110085454.0
007 1497
008 161012b1925 sp ||| 00| 0 spa d
040 _aBPMSU
_bspa
_cBPMSU
082 4 _a508
_bH673n
245 0 0 _aHistoria natural /
_cdirección de la obra Ángel Cabrera Latorre
250 _aEdición Maribel Arrabal, Jaime Rovira.
260 _aBarcelona :
_bOceano-Instituto Gallach,
_c[19--]
300 _a6 v. :
_bil. [col.], mapas ;
_c30 cm.
500 _aIncluye índice.
505 _av.1. Vertebrados I -- v. 2 Vertebrados II ; Invertebrados I . -- v. 3 Invertebrados II. --v. 4 Vegetales I . -- v. 5 Vegetales II ;Geología I -- v. 6 Geología II ; Paleontología ; El origen de la vida.
650 4 _aHISTORIA NATURAL
_vENCICLOPÉDIAS
650 _aVERTEBRADOS
_vENCICLOPEDIAS
650 4 _aINVERTEBRADOS
_vENCICLOPÉDIAS
650 4 _aBOTÁNICA
_vENCICLOPÉDIAS
650 4 _aGEOLOGÍA
_vENCICLOPÉDIAS
650 4 _aPALEONTOGÍA
_vENCICLOPÉDIAS
700 1 2 _aPrats Estivill, José María,
_eed.
910 _aValidado. Control de calidad MFF
942 _2ddc
_cBK
945 _aInvetariado extranjero / 2017 VM
956 _aVMATEO
_b10
_c20161012
_dBPMSU
_f0069
999 _c11546
_d11546